000 00476nam a2200193Ia 4500
003 OSt
005 20250313111811.0
008 210210b1955 xxu||||| |||| 00| 0 eng d
040 _cAL
041 _ahin
082 _a869/370
100 _aYASHPAL
_9205860
110 _bयशपाल
_9205861
245 _aUttami ka ma:
_bउत्तमी का माँ
260 _aLucknow
_b-
_c1955
690 _aHindi Fiction
_9205865
906 _a024169
942 _2ddc
_cBK
999 _c118916
_d118916